01217nam a22002777a 450000500170000000800410001704000250005804100080008304400070009109000070009810000240010524500860012926000440021530000130025952003080027265000400058065000220062065000300064265000280067270000250070070000260072570000330075177301220078494200160090699900170092220150706172554.0150706c2015 gw ||||| |||| 00| 0 ger d aCO-BoIAVHcCO-BoIAVH ager agx aAR1 aGandl, Josef9352281 aTrilobiten aus dem Unter-Karbon Des Katalonischen Kϋstengebirgesb(Ne-Spanien)1 aAlemania:b Mossbrugger, Volker,c2015. aPp. 1-82 aEl presente trabajo se describen los trilobites de cuatro localidades distintas del Carbonífero inferior de las Cadenas Costeras Catalanas. Dos de ellas, Aiguafreda y Cánoves, están situadas al norte de Barcelona y en los flancos occidental y meridional de macizo del Montseny (Cadena Prelitoral). 4aCadenas CosteraszCataluña935261 4aTrilobites933873 4aBioestratigrafía933872 4aCyrtosymbolainae9352301 aFerrer, Enric9352321 aMagrans, Josep9352331 aSanz López, Javier9352340 aSenckenberg Gesellschaft für NaturforschungdAlemania: Mossbrugger, Volker, 2009-.o039030tAbhandlungen x18680356 2zcARTICULO c17525d17525